01721nam a2200445 i 4500001001200000003000800012007001500020008004100035006001900076035002200095040003100117020003100148041001300179050002200192100003100214245023100245250003100476264002500507300002300532336002600555337002600581338003600607347002100643347000900664490001400673504004100687588008700728600004500815650003600860700003800896700004300934791003600977793003801013830001501051856007301066910002901139942000801168952008001176999001901256DIGAKAL0781NyNyDIGcr |||||||||||230913s2022 ag ob 000 0 spa dm o d  a(OCoLC)1398181506 aDGITAbengerdaepncDGITA a9789878367392qeBookqePub1 aspahita14aPN1995.9.H5 ebook1 aFilippi, Alberto,eauthor.14aLos condenados de la tierra :bun film entre Europa y el tercer mundo /cAlberto Filippi, Mariano Mestman ; traducción de los textos y documentos originales en italiano de la Segunda Parte a cargo de Néstor Dante Saporiti. a1a edición en Argentina. 1aCABA :bAkal,c2022. a1 online resource. atextbtxt2rdacontent acomputerbc2rdamedia aonline resourcebcr2rdacarrier atext file2rdaft bEPUB1 aAkal/Cine aIncludes bibliographical references.0 aOnline resource; title from ePub title page (Digitalia, viewed September 13, 2023)10aOrsini, Valentino.tDannati della terra. 0aRevolutions in motion pictures.1 aMestman, Mariano,d1968-eauthor.1 aSaporiti, Néstor Dante,etranslator.2 aDigitalia (Firm),edistributor.0 gDigitalia eBook Collection:aAkal 0aAkal cine.403Digitalia Hispánicauhttps://www.digitaliapublishing.com/a/128709/ aPremium collection: 2023 cRAA 001040708DEHaBD-UINbBD-UINd2025-04-25l0r2025-04-25w2025-04-25yRAA c279761d279761